000 00660nam a2200217 a 4500
001 47214
003 BD-RjUL
005 20211209054258.0
008 160807s1969 pk ||||| |||| 001 0 eng d
035 _a(BD-RjUL)47333
040 _aBD-RjUL
_beng
_cBD-RjUL
041 _aeng
082 _a362.292
_bCHW 1969
100 _aChughtie, Ghayas-u-din
_9143760
245 1 0 _aThe West Pakistan control of goondas amendment ordinance, 1968, with comments /
_cGhayas-u-din Chughtie,
260 _aLahore :
_bLahore Law Times Publications,
_c1969
300 _a311 p. ;
_c20 cm
500 _aIncludes index
650 _aDisorderly conduct
_9143761
942 _2ddc
_cBK
999 _c47214
_d47214